[Event "Los Inmortales op 4th"]
[Site "Santo Domingo"]
[Date "2002.11.30"]
[Round "4"]
[White "De Vreugt, Dennis"]
[Black "Bologan, Viktor"]
[Result "0-1"]
[WhiteElo "2452"]
[BlackElo "2631"]
[Annotator "Bologan,V"]
[PlyCount "96"]
[EventDate "2002.11.29"]
[EventType "swiss"]
[EventRounds "9"]
[EventCountry "DOM"]
[SourceTitle "CBM 092"]
[Source "ChessBase"]
[SourceDate "2003.02.06"]
[SourceVersion "1"]
[SourceVersionDate "2003.02.06"]
[SourceQuality "1"]

1. e4 c5 2. Nf3 d6 {In this tournament I managed to meet 3 dutch players in
the first 5 rounds. So this time I decided to make it different from my second
round game against Van Wessel where I played 2...e6.} 3. d4 cxd4 4. Nxd4 Nf6 5.
Nc3 a6 6. Be3 {I am pretty sure that this is the most popular continuation
nowdays.} e5 7. Nb3 Be6 8. f3 Nbd7 9. g4 h6 10. Qd2 Qc7 11. O-O-O b5 {Black is
preparing the Nb6-c4 maneuvre. To be honest I've played a good number of game
swith this variation in 2002 but always at some moment the mistery of the
unknown is absorbing me. The complexivity of the Najdorf is very well shown in
Kasparov's games when he manages to have very good results with both colours.}
12. Kb1 Nb6 13. Qf2 Rb8 14. h4 {I've already played this position with Black a
month ago against Fressinet. He continued} (14. Bd3 Nc4 15. h4 Be7 {?!} (15...
b4 $13) 16. Bc1 b4 17. Ne2 a5 18. g5 Nh5 19. f4 a4 (19... exf4 20. Nbd4 Qc5 21.
Nxf4 Nxf4 22. Bxf4 hxg5 23. hxg5 Kd7 24. Rxh8 Rxh8 25. Rf1 $14) 20. f5 Bd7 21.
Qf3 $1 {Fressinet L. - Bologan V., Cap d'Agde 2002}) 14... Be7 15. Rh2 $1 {
Quite typical prophylaxis. Now White has the c2-pawn protected and also g4-g5
is already possible.} Nc4 $146 {Before was played} (15... Na4 16. Nd5 Bxd5 17.
exd5 Nb6 (17... O-O 18. g5 Nh5 19. f4 exf4 20. Bd4 Nc5 21. Qf3 g6 22. Bh3 Nxb3
23. axb3 {with a strong attack for White in Cioara A.(2410) - Fontaine R.(2451)
, Pardubice 2001 It (open)}) 18. g5 Nfxd5 19. gxh6 gxh6 20. Bc1 $44 {Timman J.
(2629) - Alvarez J.(2383), Curasao 2001 It (open)}) (15... b4 $5 {Another
possible attempt which also seems to lead to an advantage for White, but after}
16. Bxb6 $1 {White is better after both Rb6 and Qb6.} (16. Ne2 Nc4 17. Ng3 Nxe3
18. Qxe3 a5 19. Nf5 Bxf5 20. gxf5 a4 21. Nd2 d5) 16... Rxb6 (16... Qxb6 17.
Qxb6 Rxb6 18. Na4 Rb8 19. Na5 Bd7 20. b3 d5 21. exd5 e4 22. Nc6 $36) 17. Nd5
Nxd5 18. exd5 Bd7 19. g5 {!} h5 (19... Bf5 20. Bd3 Bxd3 21. Rxd3 (21. cxd3 Rb5)
21... Rb8 22. Nd2 Rc8 23. Ne4 $14) (19... Rb8 20. f4 a5 (20... Bg4 21. Be2) 21.
Bd3 a4 22. Nd2 a3 23. fxe5 (23. Rf1 Rf8) 23... dxe5 24. Ne4 Rb6 25. Rf1 O-O 26.
b3 Bc8 27. Bc4 $16) 20. f4 O-O 21. f5 Rc8 22. Qf3 g6 23. Bd3 Be8 24. Rf2 $16)
16. Bc1 b4 (16... Na3+ 17. Ka1) 17. Nd5 Nxd5 (17... Bxd5 18. exd5 Rc8 19. g5
hxg5 20. hxg5 Rxh2 21. Qxh2 Nd7 22. f4 $16) 18. exd5 Bd7 19. g5 $1 {From the
first sight Black's position looks acceptable - his play with a5-a4 it's
rather dangerous but the game showed that my optimism during the game was
exagerated.} hxg5 {After the game I thought that} (19... Bb5 {was the right
move to play but in this case also White holds his edge.} 20. gxh6 gxh6 21. f4
a5 22. fxe5 dxe5 23. Qf5 Qd7 24. Qh5 $16) (19... h5 20. f4 O-O 21. f5 Rfc8 22.
f6 Bd8 23. fxg7 Kxg7 24. Bd3 $16) 20. hxg5 Rxh2 21. Qxh2 Bf5 (21... Rc8 22. Bd3
g6 23. f4) 22. Bd3 Bxd3 23. cxd3 $1 {After the bishop exchange White's hands
are free to attack the uncastled black king. Both f4 and d4 will be at White's
disposal.} Nb6 {First I thought that the exchange of the knights} (23... Na5 {
will help me to defend. But then I realised that} 24. g6 $1 (24. d4 Nxb3 25.
axb3 Qc8 26. dxe5 Qf5+ 27. Qc2 Qxc2+ 28. Kxc2 dxe5 29. Kd3 Kd7 30. Ke4 f6 31.
Be3 Rh8 32. d6 Bxd6 33. gxf6 gxf6 34. Bc5 Kc6 35. Bxd6 Rd8 {=}) (24. f4 Nxb3
25. axb3 Rc8 26. fxe5 dxe5 27. Be3 Qd6 28. Qh3 Rd8 29. Qh8+ Kd7 30. Qh3+ {=})
24... Nxb3 25. gxf7+ (25. axb3 fxg6 26. Qh7 Bf8 27. Qxg6+ Qf7 28. Qe4 Rb5 29.
Bg5 Qxd5 30. Rc1 Qxe4) 25... Kxf7 26. axb3 Bf6 27. Qh5+ Kf8 28. Rh1 Qf7 29. Qg4
Ke7 30. Qc4 Rb7 31. f4 $16 {leads to a huge edge for White.}) 24. d4 Rc8 $5 {
Protecting the queen in the eventual de5 de5 Nd4 line.} (24... Nc4 25. dxe5
dxe5 26. Nd4 Rc8 27. Nc6 Qd7 28. Qe2 $16) 25. dxe5 dxe5 26. f4 (26. Be3 {
was less precise because after} Nc4 27. Qh8+ {Black can simply go to d7} (27.
Rc1 Qd6 28. Bc5 Qg6+ 29. Ka1 Nd6 30. Qxe5 Qxg5 31. f4 Qxe5 32. fxe5 Ne4 33. d6
Bg5) 27... Kd7 28. Qh3+ Ke8 (28... Kd8 29. Rc1) 29. Rc1 Qd7 30. Qh8+ Bf8 31.
Bc5 Rxc5 32. Nxc5 Qxd5 33. Ne4 Qd3+ 34. Ka1 Qe2 35. Rb1 Qxf3 $13) 26... Nc4 $6
{I did choose this square for the knight mainly because I wanted him to be
more active which concerning the exposed position of the king may be is wrong.
Instead I should immediately start strugling for the d5-pawn.} (26... Qd7 $5 {
Even here White has good play} 27. Qh8+ (27. Ka1 Nxd5 28. Qh1 e4 29. Qxe4 Nc3 {
!} 30. Rxd7 Nxe4 31. Ra7 Rc6 32. Be3 $14) 27... Bf8 28. d6 $5 Qf5+ 29. Ka1 a5 (
29... exf4 30. Qh1 f3 31. Qf1 $16) 30. fxe5 $36) (26... Nd7 27. Ka1 $14) 27.
Qe2 $5 a5 $5 {An invitation to an ending which will be already an achievement
for Black. Of course giving the d4-square after} (27... exf4 28. Nd4 (28. d6
Nxd6 29. Bxf4 Qc4) 28... Qc5 (28... Ne3 29. Bxe3 fxe3 30. Qxe3 Qc5 31. Re1 $16)
29. Nf5 f3 30. Qxf3 $16 {is non-sense for Black.}) 28. fxe5 ({If} 28. Rh1 a4
29. Nd4 $1 Qc5 30. Nf5 Bf8 {Black is holding, for example} (30... g6 31. Rh8+
Bf8 32. Qxc4 Qxc4 33. Nd6+ Ke7 34. Nxc4 Rxc4 35. d6+ $18) 31. Qe4 g6 32. Nh6
Nd6 33. Qxe5+ Be7 34. Qe1 Qxd5) 28... Qxe5 29. Qxe5 Nxe5 30. Nxa5 Kd7 {Already
at this moment my opponent spent almost all his time on the clock which was a
good sign for me.} 31. Bf4 (31. Nb7 Nf3 32. g6 fxg6 33. d6 Bf6 34. Be3 Re8) (
31. Be3 Nc4 32. Nxc4 Rxc4 33. Bd4 Bxg5 34. b3 Rc8 35. Bxg7 f6) 31... Nf3 (31...
Ng6 32. Be3 Ne5 33. Bd4 f6 34. gxf6 gxf6 35. Bxe5 fxe5 36. Nc6 $16) 32. Nc6
Bxg5 33. Bxg5 (33. Nb8+ Kd8 34. Nc6+ Kd7) 33... Nxg5 34. Nxb4 $2 {Offering a
draw. The truth is that Black is already ok after Nb4 but Dennis could have
played much stronger:} (34. Rg1 $1 {and here all the endings are much better
for White.} Ne4 (34... f6 35. Nxb4 {Now when the knight can not move White
will have enough to move his pawns.} Kd6 (35... Rc4 36. a3 Kd6 37. b3 Re4 38.
Kb2 $16) 36. b3) 35. Rxg7 Kd6 (35... b3 36. axb3 Kd6 37. Rxf7 Nd2+ 38. Ka2 $16)
36. Rxf7 $16 Nd2+ (36... Kxd5 37. Ne7+ Ke6 38. Nxc8 Kxf7 39. Kc2 Nc5 40. Na7
Ke6 41. Nc6 b3+ 42. axb3 Kd6 43. Nb4 $18) 37. Kc2 Kxd5 38. Rd7+ Kxc6 39. Rxd2
Kc5 40. Kb3 Rg8 41. Rh2 Rg4 42. Ka4 Kb6 43. b3 (43. Rh5 Kc6 44. Rh8 Kb7 45. Rh6
Rg2 46. Kb3 Rg4) 43... Re4 44. Rc2 $18) 34... Ne4 {I rejected the draw offer
mainly because of the opponents time trouble. Black still is not better.} 35.
Nc6 Kd6 36. Kc2 {The run of the pawns would be favourable to Black due to his
better king position.} (36. a4 Ra8 (36... Nf6 37. b4 Nxd5 38. b5 $16) 37. a5 g5
38. Kc2 g4 39. b4 g3 40. b5 f5 41. Rf1 (41. a6 Nf6 42. b6 Rxa6 43. b7 Nd7)
41... Rf8 42. b6 f4 43. b7 g2 44. Rd1 f3 45. a6 Nc5) 36... Ra8 37. a3 f5 {
Inviting the Dutch into a trap.} 38. Nd4 (38. Rf1 g6 39. Kd3 Rh8) 38... f4 39.
Nf5+ (39. Nb5+ Kc5 40. Nc3 Nxc3 41. Kxc3 Kd6 42. Rg1 Kxd5 43. Rxg7 f3 $11) (39.
Nf3 Rc8+ 40. Kb3 g5 41. Rd4 Re8 $17) 39... Ke5 40. Nxg7 $4 {It worked. To be
mentioned again that De Vreugt was in a big time pressure. Instead he should
have gone for a draw by} (40. Nd4 g5 41. d6 $1 Rc8+ 42. Kb1 Kxd6 43. Nf3+ Ke6
44. Re1 Kf5 45. Nd4+ Ke5 46. Nf3+ $11) (40. Ne7 g5 41. d6 Nxd6 42. Nc6+ Ke6 43.
Re1+ Kf6 44. Ne5 Re8 $17) 40... Rc8+ $1 {It is important to distant the king
from the f-pawn. Now, when the knight is horribly placed on g7, White can not
stop the triumphal march of the f-pawn.} 41. Kb3 f3 42. d6 f2 43. Kb4 Rd8 44.
d7 Rxd7 45. Rxd7 f1=Q 46. Re7+ Kd5 47. Ne6 Kd6 48. Re8 Nf6 0-1

[Event "Olympiad-31"]
[Site "Moscow"]
[Date "1994.12.11"]
[Round "10.1"]
[White "Bologan, Viktor"]
[Black "Loginov, Valery A"]
[Result "1-0"]
[WhiteElo "2600"]
[BlackElo "2610"]
[Annotator "Bologan,V"]
[PlyCount "59"]
[EventDate "1994.12.01"]
[EventType "team-swiss"]
[EventRounds "14"]
[EventCountry "RUS"]
[SourceTitle "CBM 045"]
[Source "ChessBase"]
[SourceDate "1995.04.01"]
[SourceVersion "1"]
[SourceVersionDate "1995.04.01"]
[SourceQuality "1"]
[WhiteTeam "Moldova"]
[BlackTeam "Uzbekistan"]
[WhiteTeamCountry "MDA"]
[BlackTeamCountry "UZB"]

1. e4 c5 2. Nf3 d6 3. d4 cxd4 4. Nxd4 Nf6 5. Nc3 a6 6. Be3 e5 7. Nb3 Be6 8. f3
Be7 9. Qd2 O-O 10. O-O-O a5 11. Kb1 $5 a4 12. Nc1 a3 (12... Ra5 13. Nd3 $6 (13.
Bb5 $1 a3 14. Nb3 Ra8 15. g4 $14) 13... a3 14. b3 Nc6 15. Na4 Rxa4 $1 16. bxa4
Qa8 17. Nb4 d5 $1 $44 {Santo Roman,M-Landenbergue,C/Belfort/1995/}) 13. b3 Ra5
14. Bc4 $1 $14 Bxc4 15. bxc4 Qc8 16. Nb3 Ra6 17. Qe2 Rc6 (17... Qe6 18. g4 Rc8
19. g5 Nfd7 20. Nd5 Rac6 21. f4 $18) 18. Nb5 Rxc4 (18... Qe6 19. Nxa3 Nbd7 20.
c5 $1 dxc5 21. c4 Ra6 22. Nb5 $14) 19. Nxd6 Bxd6 20. Rxd6 Na6 21. Rhd1 Nb4 $2 (
21... Rxe4 $3 22. fxe4 Nxe4 23. R6d3 Nb4 24. Bc1 Nxd3 25. Rxd3 Nc3+ 26. Rxc3
Qxc3 27. Bxa3 Re8 28. Bb2 $14) 22. Rd8 $16 Qc7 (22... Rxd8 23. Rxd8+ Qxd8 24.
Qxc4 Nc6 25. Bc1 Qd1 26. Qb5 $18) 23. Qd2 $1 (23. Bb6 $2 Nxa2 $3) 23... Nxa2 (
23... Nxc2 24. Rxf8+ Kxf8 25. Bc5+ Rxc5 26. Nxc5 $18) (23... b6 $16) 24. Rxf8+
Kxf8 25. Bc5+ Ke8 26. Kxa2 Nd7 27. Qd3 b5 28. Bxa3 Rxc2+ 29. Kb1 Rxg2 30. Rc1
1-0

[Event "EU-chT (Men) 20th"]
[Site "Reykjavik"]
[Date "2015.11.14"]
[Round "2.1"]
[White "Bologan, Viktor"]
[Black "Wojtaszek, Radoslaw"]
[Result "1-0"]
[WhiteElo "2630"]
[BlackElo "2748"]
[Annotator "Bologan,V"]
[PlyCount "93"]
[EventDate "2015.11.13"]
[EventType "team-swiss"]
[EventRounds "9"]
[EventCountry "ISL"]
[SourceTitle "CBM 170"]
[Source "ChessBase"]
[SourceDate "2016.01.15"]
[SourceVersion "1"]
[SourceVersionDate "2016.01.15"]
[SourceQuality "1"]
[WhiteTeam "Moldova"]
[BlackTeam "Poland"]
[WhiteTeamCountry "MDA"]
[BlackTeamCountry "POL"]

1. e4 {In my previous encounters with Radoslaw I managed to score 0 out of 3
including two Whites. This time playing for the team I decided to be as
focussed as possible, which did not mean that I would play for a draw.} c5 2.
Nf3 d6 3. d4 cxd4 4. Nxd4 Nf6 5. Nc3 a6 {My opponent's choice was easy to
guess, even he had not the best results in the Najdorf recently, especially
his loss against Topalov from the ECC.} 6. Be3 e5 7. Nb3 Be6 8. f3 h5 {This
line became extremly popular lately. Before it was widely played by the
Chinese school. The idea is to delay or even to completely stop White's attack
on the kingside.} 9. Qd2 Nbd7 10. Nd5 Bxd5 11. exd5 g6 {The most natural way
to develop the bishop is either on h6 or to g7.} 12. Be2 (12. O-O-O {was
played by Topalov.} Nb6 13. Qa5 (13. Kb1 $5 Nbxd5 14. Bg5 Be7 15. Na5 Rb8 16.
Bc4 Nb6 17. Bb3 $5 (17. Bxf6 Bxf6 18. Qxd6 Qxd6 19. Rxd6 Bd8 20. Rd3 Bc7 $11 {
Grischuk,A 2771 - Topalov,V 2816, Saint Louis USA 26.8.2015 3rd Sinquefield
Cup 2015}) 17... d5 18. Qe3 Qc7 19. Rhe1 Nbd7 20. Bxf6 Nxf6 21. Bxd5 O-O 22.
Qxe5 $14) 13... Bh6 14. Bxh6 Rxh6 15. g3 Kf8 (15... h4 {would be premature in
view of} 16. g4 Rh8 17. Rg1 Kf8 18. f4 $36) 16. Kb1 Kg7 17. Be2 Rh8 18. c4 Rc8
{instead} (18... Nbd7 $5 19. Qd2 (19. Bd3 Qxa5 20. Nxa5 Rab8 21. h4 Rhc8 $13)
19... a5 {would allow Black to start his counterplay on the queenside}) 19. Rc1
Nfd7 20. Rhd1 Rc7 21. Qa3 Nc8 22. Nd2 Nf6 23. h3 Re7 24. g4 $14 {Topalov,V
2813 - Wojtaszek,R 2734, Skopje MKD 23.10.2015 31st ECC Open 2015}) 12... Bg7 (
{I consider} 12... Qc7 {in these positions as a waste of time, which was
confirmed in the following game} 13. Rc1 Bg7 14. O-O O-O 15. c4 b6 16. Na1 h4
17. Nc2 Nh5 18. Rfd1 f5 19. Nb4 Kh7 20. Nc6 a5 21. Bd3 Rae8 22. Bc2 Nc5 23. b3
Qf7 24. Rb1 $14 {Areshchenko,A 2661 - Salem,AR 2595, Abu Dhabi UAE 27.8.2015
22nd Abu Dhabi Masters}) 13. O-O ({In my previous game I played} 13. Na5 Qc7
14. c4 {but now Black found a very strong idea} e4 $1 {instead of} (14... b6
15. Nc6 Nb8 16. Nb4 Nbd7 17. O-O O-O 18. Rac1 Nc5 19. Nc2 a5 20. Na3 Nh7 21.
Nb5 Qe7 22. b3 f5 23. Bd1 Bf6 24. Bc2 Rad8 25. Rce1 Ng5 26. a3 Nf7 27. b4 axb4
28. axb4 Nd7 29. Na7 $16 {Bologan Victor Viorel (MDA) - Esen Baris (TUR),
Konya 14.7.2012 Turkish League}) 15. f4 $6 Ng4 16. Bxg4 hxg4 17. Rd1 (17. O-O
f5 18. Rab1 Nc5 19. b4 Nd3 20. c5 Qf7 $15 {Mamedov Nidjat (AZE) 2601 - Korobov
Anton (UKR) 2671, Moscow (Russia)}) 17... Nc5 18. O-O f5 19. b4 Nd3 20. c5 O-O
21. c6 bxc6 22. Nxc6 Qf7 23. a4 Kh7 24. Qa2 Rfc8 25. Rd2 Bc3 26. Rxd3 exd3 27.
Qc4 Rxc6 28. Qxc6 Re8 29. Bf2 Bxb4 $15 {Saric,Iv 2652 - Vocaturo,D 2588,
Reykjavik ISL 22.11.2015 20th European Teams}) 13... b6 ({After} 13... O-O {
White already can get some benefits from} 14. Na5 Qc7 15. c4 b6 16. Nc6 Nb8 17.
Nb4 Re8 18. h3 a5 19. Nc2 Nbd7 20. Na3 Nc5 21. Nb5 $14 {Yagupov,I 2392 -
Tihonov,J 2398, Stockholm SWE 30.6.2015 LaHotel & 4 Springare GM}) 14. c4 O-O
15. Rac1 {A good example of how to play in this line is Inarkiev's game.} (15.
Rae1 Rc8 16. Bg5 Qc7 17. Kh1 Rce8 18. Bd3 Nh7 19. Be3 f5 20. Nc1 Nhf6 21. b3 e4
22. Bb1 b5 23. cxb5 axb5 24. Ne2 Rf7 25. Nf4 $14 {Inarkiev Ernesto (RUS) 2683
- Korobov Anton (UKR) 2705, Eilat (Israel)}) 15... Nh7 {One of the main ideas
for Black is to push ...f5.} (15... a5 {allows a long but sure manoeuvre by
the white knight} 16. Na1 Kh7 17. Nc2 (17. h3 Ng8 18. g4 Bh6 19. g5 Bg7 20. Bd3
Ne7 21. Kh2 Nc5 22. Nc2 Qd7 23. Be4 Nf5 24. Bf2 f6 25. Rg1 fxg5 26. Qxg5 Qf7
27. Qg2 Bh6 $15 {Ponomariov,R 2710 - Bruzon Batista,L 2659, Berlin GER 11.10.
2015 World Rapid 2015}) 17... Nc5 18. Na3 e4 19. Nb5 exf3 20. gxf3 Ne8 21. Rfe1
Nc7 22. Nd4 $14) 16. Bd3 f5 17. Bb1 Rc8 18. Kh1 (18. a4 a5) 18... a5 19. a4 {
This strange move was inspired by my postmortem analysis on my game with
Dominguez in the World Cup 2011. The situation on the other side was different,
but on the queenside the engine was recommending a4.} Nc5 20. Nxc5 bxc5 {
The position is very solid for both sides, which was more or less my initial
wish before the game, but after the next move ...} 21. g4 $6 {...the situation
changed drastically.} ({Perhaps I should go for the quieter} 21. Bc2 Rb8 22. b3
Bf6 23. g3 Bg5 24. f4 Bf6 25. fxe5 Bxe5 26. Rce1 Qf6 $11) 21... hxg4 22. fxg4 {
Here Black has to choose between two moves, and the cost of the mistake is
extremely high.} e4 $6 {Wrong!!!} ({Actually on} 22... f4 {I was going to win
the pawn} 23. Bf2 Qg5 24. Qd3 {and the g6-pawn can not be defended, but I
completely underestimated the counterstrike} Nf6 $1 25. Qxg6 Qxg6 26. Bxg6 Nxg4
$15 {and already White has to fight for a draw.}) 23. gxf5 gxf5 24. Rg1 Kh8 25.
Rxg7 $3 {One of the key features in the attack is the destruction of the
king's position and another is the elimination of the strongest defender. Two
in one :)} Kxg7 26. Qg2+ Kh8 (26... Kf7 {would not help either} 27. Qh3 Nf6 28.
Rf1 Ke8 29. Qxf5 Rc7 30. Bg5 Rcf7 31. Qe6+ Qe7 32. Bxe4 $1 Qxe6 33. dxe6 Nxe4
34. exf7+ Rxf7 35. Re1 $18) 27. Bd2 $1 {Moves back are always difficult to see,
but in this case the temptation to bring the bishop to the big diagonal pushed
my hand by itself.} Qh4 {It's very uncomfortable to defend the king now in all
lines beside the fact that Black will have to return the exchange he will also
lose his pawns e4 and f5.} (27... Rf6 28. Bc3 Qf8 29. Rf1 Rc7 30. Bxf6+ Qxf6
31. Bxe4 $18) 28. Bc3+ Nf6 29. Rf1 {Here I missed an incredible chance.} (29.
Qg6 $1 Rc7 30. Rg1 Rh7 31. Rg2 $1 {Zugzwang. I did calculate until here but I
didn't realize that my opponent can not move a single piece!}) 29... Rce8 (
29... Rc7 {I considered much more resistant during the game} 30. Rxf5 Rg7 31.
Qf1 Rh7 32. Qf4 Qxf4 33. Rxf4 Rh6 34. Bxe4 $16 {I am much better but for sure
not winning yet.}) 30. Rxf5 e3 (30... Re5 31. Bxe5 dxe5 32. Qg3 Qxg3 33. hxg3
$18) 31. Qf3 Re5 (31... Kg7 32. Rh5 $18) 32. Bxe5 dxe5 33. Qxe3 Ng4 $1 {
An excellent choice in mutual time trouble.} 34. Rxf8+ Kg7 35. Qe2 Kxf8 36. Bf5
$1 {With little time left I saw Nh2, but also saw that in the end of the line
when he will capture my bishop I can enter a winning pawn endgame after
exchanging the queens.} Nxh2 $1 37. Qxh2 Qe1+ 38. Kg2 $6 {I thought it's a
simple repetition of moves, but it's actually not, I should go immediately for}
(38. Qg1 $1) 38... Qd2+ 39. Kh1 Qe1+ ({More headache in the realisation after
Black's} 39... Qd1+ 40. Qg1 Qf3+ 41. Kh2 Qxf5 42. Qxc5+ Ke8 43. Qe3 {I would
most probably have been winning but you never know in such positions.}) 40. Qg1
Qh4+ 41. Kg2 Qg5+ 42. Kf1 $1 $18 Qc1+ (42... Qxf5+ 43. Qf2 Qxf2+ 44. Kxf2 Kf7
45. Ke2 Kf6 46. Kf3 Kf5 47. Ke3 e4 48. d6 Ke6 49. Kxe4 Kxd6 50. Kf5 $18) 43.
Kf2 Qd2+ 44. Kf3 Qf4+ 45. Ke2 Qxc4+ 46. Bd3 Qxd5 47. Qg4 1-0